| 000 | 00778nam a22002177a 4500 | ||
|---|---|---|---|
| 005 | 20180907115955.0 | ||
| 010 | _aENG-124121 | ||
| 020 |
_a9788124606261 _c580.00 |
||
| 020 | _a8124606269 | ||
| 035 | _aEN-107653 | ||
| 037 | _bDBAD/PUB | ||
| 082 | _a141.45 | ||
| 100 | _aBanerji, Debashish | ||
| 245 |
_aSeven quartets of becoming: _ba transformational yoga psychology / _cby Debashish Banerji |
||
| 260 |
_aNew Delhi _bD.K. Printworld _c2012 |
||
| 270 |
_aF-395, Sudarshan Park (Metro Station : Ramesh Nagar) _bNew Delhi _e110015 _k(011) 25453975,25466019 _l(011)25465926 _mdkprintworld@vsnl.net |
||
| 300 |
_axix, 441 p. _c22cm. (pbk) |
||
| 500 | _aBased on the diaries of Sri Aurobindo | ||
| 500 | _aIt includes index | ||
| 942 |
_2ddc _cEN _h181.45 _mBAN |
||
| 999 |
_c157101 _d157101 |
||